000 04102nab a2200337 i 4500
003 BR-BrBNA
005 20240904112057.0
008 240904b2018 bl.|r|pooa||| 00| 0 por |
040 _aBR-BrBNA
_bpor
072 _aL50
_b5400
100 _aMorais, L.
100 _aBosco, A.M.
100 _aBaptisttiolli, L.
100 _aTorrecilha, R.B.P.
100 _aValadares, T.C.
100 _aHoffmann, D.J.
100 _aCiarlini, P.C.
245 _aHemólise interfere na mensuração dos biomarcadores plasmáticos de estresse oxidativo em cães
500 _a Publicação online; 30 ref.; Summaries (En, Pt)
520 _a RESUMO - Considerando que, entre todas as fontes de erro analítico, a hemólise é a mais importante na rotina laboratorial, o presente estudo teve como objetivo investigar o efeito da hemólise in vitro sobre os principais biomarcadores plasmáticos de estresse oxidativo mensurados (BPEO) de cães. Para tal, amostras de sangue total de 19 cães clinicamente saudáveis foram hemolisadas em diferentes graus por ação mecânica. Amostras controle contendo baixa concentração de hemoglobina (Hb) no plasma foram comparadas com quatro graus de hemólise (<0,36; 0,36-0,60; 0,61-1,0; 1,1-4g/L Hb). Imediatamente após a hemólise, foram mensuradas as concentrações plasmáticas de ácido úrico (AU), albumina, bilirrubina, gamaglutamiltransferase (GGT), capacidade antioxidante total (TAC) e concentração de oxidante total (TOC). Os erros relativos causados pelos diferentes graus de hemólises foram calculados e confrontados com o erro total aceitável (ETA) e com o limite de erro permitido (LEP) empregados nos programas de controle de qualidade de exames laboratoriais. Foi observado que mesmo pequeno grau de hemólise gera algum erro analítico não aceitável (ETA e/ou LEP) nos BPEO mensurados, exceto na bilirrubina. Foi possível concluir que a hemólise é um fator limitante para avaliação do estresse oxidativo sistêmico mensurado no plasma, podendo causar erros que potencialmente comprometem o diagnóstico clínico. Palavras-chaves: antioxidante, bias, erro analítico, hemoglobina, oxidante
520 _a ABSTRACT - Among all the various sources of analytical error, hemolysis is the most important in the laboratory routine. The present study aimed to investigate the effect of hemolysis "in vitro" on the main plasma biomarkers of oxidative stress (BPEO) dogs. For this purpose, whole blood samples from 19 healthy dogs were hemolyzed in different degrees by mechanical action. Control samples containing low concentration of hemoglobin (Hb) levels in plasma were compared with four degrees of hemolysis (<0.36, from 0.36 to 0.60, 0.61 to 1.0, 1.1 to 4g/L Hb). Immediately after causing hemolysis, plasma concentrations of uric acid (UA), albumin, bilirubin, gamma glutamyl transferase (GGT), total antioxidant capacity (TAC), and total oxidant concentration (TOC) were measured. The relative errors caused by several levels of hemolysis were calculated and compared with the total acceptable error (TAE) and allowed error limit (LEP) by employees in quality control programs for laboratory tests. Even small levels of hemolysis generate unacceptable analytical error (TAE and / or LEP) in BPEO measured, except for bilirubin. Hemolysis is a limiting factor for the assessment of systemic oxidative stress measured in plasma and may cause errors that potentially compromise clinical diagnosis. Keywords: analytical error, antioxidant, bias, hemoglobin, oxidant
650 _aCÃO
650 _aBIOQUÍMICA ANIMAL
650 _aANTIOXIDANTE
650 _aHEMOGLOBINA
650 _aOXIDANTE
773 0 _01643
_9317735
_dBelo Horizonte-MG Universidade Federal de Minas Gerais - Escola de Veterinaria 1983
_o2024-4450
_tArquivo Brasileiro de Medicina Veterinária e Zootecnia (Brazil)
_x0102-0935
_gv. 70(3) p. 713-721; (2018)
_wBR2024002448
856 _uhttps://www.scielo.br/j/abmvz/a/bDVWJqxZMRZtF8RbwB6yTMk/?format=pdf&lang=pt
942 _cAnalítica
999 _c301113
_d301113